La memoria nos abre camino (Registro nro. 311509)

Detalles MARC
000 -ENCABEZADO
Número de control [NR] 00921 a2200229 4500
005 - FECHA Y HORA DE LA ÚLTIMA TRANSACCIÓN
control field 20190206094120.0
008 - DE LONGITUD FIJA DE DATOS DE ELEMENTOS - INFORMACIÓN GENERAL
Elementos de longitud fija [NR] 190206s2018 ck ||||| |||| 00| 0 spa d
020 ## - NUMERO INTERNACIONAL NORMALIZADO PARA LIBROS [R]
Número Internacional Normalizado del libro [NR] 9789585500044
040 ## - FUENTE DE CATALOGACION [NR]
Agencia de catalogación original [NR] CO-BoUCM
Idioma de catalogación [NR] spa
Quien Cataloga Saul Niño
Quien Clasifica Saul Niño
041 0# - CODIGO DE IDIOMA [R]
Código de idioma para texto/pista de sonido o título separado [R] Español
110 2# - ASIENTO PRINCIPAL--NOMBRE CORPORATIVO [NR]
Nombre corporativo o de jurisdicción como elemento de entrada [NR] Centro Nacional de Memoria Histórica
ID de autoridad 58167
245 13 - MENCION DE TITULO [NR]
Título [NR] La memoria nos abre camino
Parte restante del título [NR] balance metodológico del CNMH para el esclarecimiento histórico
Mención de responsabilidad, etc. [NR] Centro Nacional de Memoria Histórica
260 ## - PUBLICACION, DISTRIBUCION, ETC. (PIE DE IMPRENTA) [R]
Lugar de publicación, distribución, etc. [R] Bogotá (Colombia)
Nombre del editor, distribuidor, etc. [R] Centro Nacional de Memoria Histórica (CNMH)
Fecha de publicación, distribución, etc. [R] 2018
300 ## - DESCRIPCION FISICA [R]
Extensión [R] 178 páginas
490 0# - MENCION DE SERIE [R]
Mención de serie [R] Informes de investigación
650 #0 - ASIENTO SECUNDARIO DE MATERIA - TERMINO TEMATICO [R]
9 (RLIN) 81633
Término temático o nombre geográfico como elemento de entrada [NR] Víctimas del conflicto armado
Subdivisión geográfica [R] Colombia
650 #0 - ASIENTO SECUNDARIO DE MATERIA - TERMINO TEMATICO [R]
9 (RLIN) 81611
Término temático o nombre geográfico como elemento de entrada [NR] Verdad, justicia y reparación
Subdivisión geográfica [R] Colombia
650 #7 - ASIENTO SECUNDARIO DE MATERIA - TERMINO TEMATICO [R]
9 (RLIN) 16640
Término temático o nombre geográfico como elemento de entrada [NR] Guerrillas
650 #7 - ASIENTO SECUNDARIO DE MATERIA - TERMINO TEMATICO [R]
9 (RLIN) 8488
Término temático o nombre geográfico como elemento de entrada [NR] Acuerdos de paz
942 ## - ELEMENTOS DE ENTRADA AGREGADOS (KOHA)
Tipo de ítem principal el descrito en 300a Libro
Sistema de clasificación DEWEY
Tema principal Sociología
Edición 1
Clasificación 303.609861
Parte restante de la signatura top. C397me
Existencias
Fecha de último préstamo Total préstamos Total Renewals Signatura topográfica Código de barras Última vez visto Ejemplar Costo de reposición Price effective from Tipo de ítem Perdido Sistema de clasificación Dañado No prestable Tipo de ítem específico Suprimido Ubicación habitual Ubicación actual Localización Fecha de creación Proveedor Forma de adquisición Costo
04/03/2022 1 2 303.609861 C397me 100159121 09/12/2025 Ej.1 26000.00 01/02/2019 Libro   DEWEY     Libro   Claustro Claustro 2do piso 01/02/2019 12 Donación 0.00